| 000 | 01064cam a2200313 i 4500 | ||
|---|---|---|---|
| 001 | 20577934 | ||
| 003 | OSt | ||
| 005 | 20230602104236.0 | ||
| 008 | 180711s2018 xxua b 001 0 eng | ||
| 010 | _a 2018354401 | ||
| 020 | _a9789966192127 | ||
| 040 |
_aDLC _beng _erda _cDLC |
||
| 042 |
_alcode _apcc |
||
| 043 | _af-ke--- | ||
| 082 |
_a320 _bKHA |
||
| 100 | 1 |
_aKhamisi, Joe, _eauthor. |
|
| 245 | 1 | 0 |
_aLooters and grabbers : _b54 years of corruption and plunder by the elite, 1963-2017 / _cJoe Khamisi. |
| 264 | 1 |
_aPlano, Texas, USA : _bJodey Book Publishers, _c[2018] |
|
| 300 |
_axvi, 756 pages : _billustrations ; _c23 cm |
||
| 336 |
_atext _btxt _2rdacontent |
||
| 337 |
_aunmediated _bn _2rdamedia |
||
| 338 |
_avolume _bnc _2rdacarrier |
||
| 504 | _aIncludes bibliographical references (page [705]-734 ) and index. | ||
| 650 | 0 |
_aCorruption _zKenya. |
|
| 650 | 0 |
_aPillage _zKenya. |
|
| 906 |
_a7 _bcbc _corigode _d3 _encip _f20 _gy-gencatlg |
||
| 942 |
_2ddc _cBK |
||
| 999 |
_c65 _d65 |
||